Statistics for Capital cities of every country on the Equator

Click here to take the quiz!

General Stats

  • This quiz has been taken 16 times
  • The average score is 11 of 13

Answer Stats

Answer% Correct
Kinshasa
100%
Nairobi
100%
Jakarta
100%
Quito
100%
Bogota
100%
Brasilia
100%
Brazzaville
93%
Kampala
86%
Mogadishu
79%
Sao Tome
71%
Libreville
57%
Malabo
43%
South Tarawa
36%

Score Distribution

Percentile by Number Answered

Percent of People with Each Score

Your Score History

You have not taken this quiz